000 00777nas a2200253 4500
001 BR2011004257
003 BR-BrBNA
005 20231205115046.0
007 ta
008 230509b bl.|||p| |||| 00| 00por d
040 _aBR-BrBNA
_bpor
_cBiblioteca Nacional de Agricultura
041 _a(Pt)
072 _aF02
100 1 _aGarlet, T.M.B.
100 1 _aFlores, R.
100 1 _aMesschmidt, A.A.
245 1 _aInfluência de citocininas na micropropagação de Mentha x gracilis Sole
650 _aMENTA
650 _aCULTURA IN VITRO
650 _aMICROPROPAGAÇÃO
773 0 _tRevista Brasileira de Plantas Medicinais (Brazil)
_xISSN 1516-0572
_g(Feb 2011), v. 13(1) p. 30-34
_wBR2011004257
909 _a202311
_bLúcia
_c55
_dLúcia Elande
942 _2AGRIS
_n0
_cANA
999 _c211882
_d211882